INTRODUCTION TO EXPERT SYSTEMS (Record no. 126337)

MARC details
000 -LEADER
fixed length control field 00317pam a2200133 a 4500
020 ## - INTERNATIONAL STANDARD BOOK NUMBER
International Standard Book Number 981-4053-85-6
Terms of availability
041 ## - LANGUAGE CODE
Language code of original
082 ## - DEWEY DECIMAL CLASSIFICATION NUMBER
Classification number 003
Item number JAC
100 ## - MAIN ENTRY--PERSONAL NAME
Personal name JACKSON P.,
245 ## - TITLE STATEMENT
Title INTRODUCTION TO EXPERT SYSTEMS
Medium Textual Documents
260 ## - PUBLICATION, DISTRIBUTION, ETC.
Place of publication, distribution, etc. ENGLAND
Name of publisher, distributor, etc. ADDISON-WESLEY
Date of publication, distribution, etc. 2000
300 ## - PHYSICAL DESCRIPTION
Extent XVII+542
930 ## - EQUIVALENCE OR CROSS-REFERENCE-UNIFORM TITLE HEADING [LOCAL, CANADA]
Uniform title 6873
Holdings
Withdrawn status Lost status Damaged status Not for loan Collection Home library Current library Date acquired Total Checkouts Full call number Barcode Date last seen Copy number Price effective from Koha item type
          Institute of Management & Entrepreneurship Development, Pune Institute of Management & Entrepreneurship Development, Pune 18/04/2011   003 JAC IMP-IM-865 01/03/2023 1 01/03/2023 Book